[Event "WJun"]
[Site "Puerto Madryn ARG"]
[Date "2009.10.24"]
[Round "4"]
[White "Potapov,P"]
[Black "Iturrizaga,E"]
[Result "0-1"]
[WhiteElo "2429"]
[BlackElo "2605"]
[EventDate "2009.10.22"]

1. e4 c5 2. c3 Nf6 3. e5 Nd5 4. Nf3 Nc6 5. Bc4 Nb6 6. Bb3 d5 7. exd6 Qxd6
8. O-O c4 9. Bc2 Bg4 10. h3 Bh5 11. Re1 O-O-O 12. b3 Qf6 13. bxc4 Bxf3 14.
Qxf3 Qxf3 15. gxf3 Nxc4 16. d4 e6 17. Bb3 N6a5 18. Nd2 Nxd2 19. Bxd2 Nxb3
20. axb3 a6 21. Bf4 Bd6 22. Bxd6 Rxd6 23. Ra5 Kd7 24. Kf1 Rb6 25. Ra3 Rb5
26. Re3 Rh5 27. f4 Ke7 28. Ke2 Rd8 29. b4 Rdd5 30. Ra1 Rdf5 31. Rf3 Rh4 32.
Rg1 Rfh5 33. Rgg3 b5 34. Kd3 g6 35. Ke3 Kd6 36. Kd3 Ke7 37. Ke3 Kf6 38. Ke4
h6 39. Kd3 Ke7 40. Kd2 Kd6 41. Ke3 Kd5 42. Kd3 Kc6 43. Kd2 Kd7 44. Ke3 Kd6
45. Kd2 Ke7 46. Ke2 Kf6 47. Kd3 Rd5 48. Rg1 Rd6 49. Re1 Ke7 50. Re5 Rd5 51.
c4 bxc4+ 52. Kxc4 Rd6 53. d5 g5 54. dxe6 Rxe6 55. Rf5 g4 56. hxg4 Rxg4 57.
Re3 Rgg6 58. b5 axb5+ 59. Rxb5 Kf8 60. Kd4 Kg7 0-1

[Event "WJun"]
[Site "Puerto Madryn ARG"]
[Date "2009.10.24"]
[Round "4"]
[White "Gallego Alcaraz,A"]
[Black "Jumabayev,R"]
[Result "1/2-1/2"]
[WhiteElo "2404"]
[BlackElo "2548"]
[EventDate "2009.10.22"]

1. e4 e5 2. Nf3 Nc6 3. Bb5 a6 4. Ba4 Nf6 5. Bxc6 dxc6 6. d3 Nd7 7. Nbd2 g6
8. Nc4 Bg7 9. h4 Qe7 10. h5 Nb6 11. Na5 Rb8 12. Bd2 Bg4 13. h6 Bf6 14. Qe2
Na4 15. O-O-O Nc5 16. Qe3 Ne6 17. Rde1 Bxf3 18. Qxf3 O-O 19. Kb1 c5 20. Bc3
c6 21. g3 Nd4 22. Qg2 Qc7 23. Nc4 b5 24. Ne3 Bg5 25. Ng4 Rbe8 26. Rhf1 Qc8
27. f3 Bd8 28. Qh3 f6 29. f4 Qe6 30. a3 Kh8 31. f5 Qd7 32. fxg6 hxg6 33.
Rf2 Rf7 34. Rh1 Qe7 35. Qg2 Ref8 36. Rhf1 Kh7 37. Bd2 Qd6 38. Qh2 a5 39.
Ne3 a4 40. g4 Qe6 41. Qg3 Be7 42. Bc3 Bd6 43. Qg2 c4 44. dxc4 bxc4 45. g5
Nb5 46. Rxf6 Rxf6 47. Rxf6 Rxf6 48. gxf6 Nxc3+ 49. bxc3 Qxf6 50. Nxc4 Bf8
51. Qh3 Bxh6 52. Qd7+ Qg7 53. Qxc6 Bf4 54. Nd6 Qa7 55. Kb2 Kh6 56. Qd5 Qg1
57. Qd3 Kg5 58. Ka2 Kg4 59. c4 Qe3 60. Nf7 Qa7 61. Qd5 Qf2 62. Kb2 Qb6+ 63.
Ka2 Qf2 64. Kb2 Qd4+ 65. Qxd4 exd4 66. c5 Bc7 67. c6 Kf4 68. e5 Kf5 69.
Nd6+ Ke6 70. Nb5 Bxe5 71. Kc1 g5 72. Kd2 g4 73. Ke2 Ke7 74. Kf2 g3+ 75. Ke2
Ke6 76. Kf3 Ke7 77. Kg2 Kd8 78. Kf3 Ke8 79. Kg2 Ke7 80. Kf3 1/2-1/2

[Event "WJun"]
[Site "Puerto Madryn ARG"]
[Date "2009.10.24"]
[Round "4"]
[White "Tristan,L"]
[Black "Lenderman,A"]
[Result "0-1"]
[WhiteElo "2412"]
[BlackElo "2542"]
[EventDate "2009.10.22"]

1. e4 c6 2. d4 d5 3. Nd2 dxe4 4. Nxe4 Bf5 5. Ng3 Bg6 6. h4 h6 7. Nf3 Nd7 8.
h5 Bh7 9. Bd3 Bxd3 10. Qxd3 e6 11. Bd2 Ngf6 12. O-O-O Be7 13. Qe2 O-O 14.
Nf1 Qb6 15. g4 Qa6 16. Qxa6 bxa6 17. Rg1 Ne4 18. Be3 Rab8 19. Ng3 Nd6 20.
b3 Rfc8 21. c4 a5 22. Ne5 Nf8 23. Kc2 a4 24. Nd3 a5 25. Nc5 axb3+ 26. axb3
Nb7 27. Bf4 Nxc5 28. Bxb8 Nxb3 29. Be5 a4 30. Ne4 Nd7 31. Bd6 Nf6 32. Nxf6+
Bxf6 33. Be5 Bh4 34. Rg2 Be7 35. Kc3 Rd8 36. Rgg1 Rd7 37. f3 Rb7 38. Rg2
Bb4+ 39. Kc2 f6 40. Bf4 Ba5 41. Be3 Kf7 42. f4 Bd8 43. g5 f5 44. d5 exd5
45. cxd5 c5 46. Rdg1 hxg5 47. fxg5 a3 48. h6 Kg8 49. Kd3 Re7 50. Bc1 c4+
51. Kc3 Ba5+ 52. Kxc4 Nxc1 53. d6 Re4+ 54. Kd5 Nb3 55. Ra2 Rb4 56. Kc6 Rb6+
57. Kd5 Rb5+ 58. Kc4 Rb4+ 59. Kd5 Rb5+ 60. Ke6 Bb4 61. d7 Nc5+ 62. Ke7 0-1

[Event "WJun"]
[Site "Puerto Madryn ARG"]
[Date "2009.10.24"]
[Round "4"]
[White "Leon Hoyos,M"]
[Black "Zaslavsky,M"]
[Result "1/2-1/2"]
[WhiteElo "2516"]
[BlackElo "2392"]
[EventDate "2009.10.22"]

1. Nf3 c5 2. c4 Nc6 3. d4 cxd4 4. Nxd4 g6 5. e4 Bg7 6. Be3 Nf6 7. Nc3 Ng4
8. Qxg4 Nxd4 9. Qd1 Nc6 10. Qd2 Qa5 11. Rc1 Bxc3 12. Qxc3 Qxc3+ 13. Rxc3 d6
14. Be2 Be6 15. O-O b6 16. a3 Kd7 17. f4 f6 18. b4 Rab8 19. Rd1 Kc7 20. Bf3
Rhd8 21. Rdc1 Kd7 22. Be2 Ke8 23. h4 Kf8 24. g4 Bf7 25. g5 Kg7 26. gxf6+
exf6 27. Bf3 Rbc8 28. Kf2 Kf8 29. R3c2 Ke7 30. Be2 Rb8 31. Bf3 Rbc8 32. Be2
Rb8 33. Rd2 Rbc8 34. Rcd1 Nb8 35. Rc1 Nd7 36. Bf1 Rc7 37. Rcd1 Bxc4 38.
Rxd6 Bxf1 39. Kxf1 Rcc8 40. Ke2 Nf8 41. Rxd8 Rxd8 42. Rxd8 Kxd8 43. Kd3 Kd7
44. a4 Ne6 45. f5 gxf5 46. exf5 Ng7 47. Ke4 Ne8 48. Kd5 Nd6 49. Bd4 Nxf5
50. Bxf6 Ne3+ 51. Ke4 Ke6 52. Be5 Nc4 53. Bb8 a5 54. Kd4 Nb2 55. Kc3 Nxa4+
56. Kb3 b5 57. bxa5 1/2-1/2

[Event "WJun"]
[Site "Puerto Madryn ARG"]
[Date "2009.10.24"]
[Round "4"]
[White "Blit,J"]
[Black "Chirila,I"]
[Result "1-0"]
[WhiteElo "2350"]
[BlackElo "2504"]
[EventDate "2009.10.22"]

1. d4 d5 2. Nf3 c6 3. Bg5 g6 4. Nbd2 Bg7 5. e4 dxe4 6. Nxe4 Nf6 7. Nxf6+
exf6 8. Bf4 O-O 9. Qd2 Re8+ 10. Be2 Qe7 11. O-O Nd7 12. Rfe1 Nb6 13. c4 Be6
14. a4 a5 15. b3 Bf8 16. Qb2 Qd8 17. h3 Bb4 18. Bd2 Bxd2 19. Nxd2 Nd7 20.
Bf3 Qc7 21. Rad1 Qd6 22. d5 Bf5 23. g4 Bd3 24. Qd4 Nc5 25. Re3 Rxe3 26.
Qxe3 Kf8 27. Re1 Rd8 28. h4 f5 29. Qd4 Kg8 30. h5 fxg4 31. h6 Qf8 32. Bxg4
cxd5 33. Re7 Qxh6 34. Nf3 dxc4 35. Qxd8+ 1-0

[Event "WJun"]
[Site "Puerto Madryn ARG"]
[Date "2009.10.24"]
[Round "4"]
[White "Gundavaa,B"]
[Black "Vishnu,P"]
[Result "1/2-1/2"]
[WhiteElo "2477"]
[BlackElo "2342"]
[EventDate "2009.10.22"]

1. e4 c5 2. Nf3 d6 3. d4 cxd4 4. Nxd4 Nf6 5. Nc3 a6 6. Be3 e5 7. Nb3 Be7 8.
Qd2 Ng4 9. Nd5 Nxe3 10. fxe3 Bg5 11. a4 O-O 12. Bc4 Nd7 13. Qb4 Nf6 14.
Nxf6+ Qxf6 15. Rf1 Qe7 16. O-O-O Bg4 17. Qxd6 Bxd1 18. Qxe7 Bxe7 19. Kxd1
Rac8 20. Bd5 Rc7 21. Kd2 g6 22. Kd3 Kg7 23. g4 f6 24. c3 Rh8 25. Na5 b6 26.
Nc6 Bd6 27. b4 Rhc8 28. b5 a5 29. h4 Rh8 30. h5 gxh5 31. gxh5 Rf8 32. Be6
Kh6 33. Kc4 Rg7 34. Kd5 Bc5 35. Nxa5 Rd8+ 36. Kc4 Ra7 37. Nc6 Rxa4+ 38. Kb3
Ra3+ 39. Kc4 Rf8 40. Rf3 Ra1 41. Nb4 Bxb4 42. Kxb4 Kg7 43. Rg3+ Kh6 44. Rf3
Kg7 45. Kc4 Rd8 46. h6+ Kxh6 47. Rxf6+ Kg5 48. Rf5+ Kg6 49. Bf7+ Kg7 50.
Bd5 Rh8 51. Rf7+ Kg6 52. Rb7 h5 53. Rxb6+ Kg5 54. Bf7 Kg4 55. Kd5 h4 56. c4
Kf3 57. Rf6+ Kxe3 58. Be6 h3 59. Bxh3 Rxh3 60. b6 Rb1 61. c5 Rh2 62. Kxe5
Rc2 63. Kd5 Rb5 64. Rc6 Kf4 65. Rc7 Rc1 66. e5 Kf5 67. e6 Kf6 68. Rf7+ Kg6
69. Rc7 Kf6 70. e7 Kf7 71. Kd6 Rcxc5 72. Rxc5 Rxb6+ 1/2-1/2

[Event "WJun"]
[Site "Puerto Madryn ARG"]
[Date "2009.10.24"]
[Round "4"]
[White "Can,E"]
[Black "Aguinaga,M"]
[Result "1-0"]
[WhiteElo "2455"]
[BlackElo "2009"]
[EventDate "2009.10.22"]

1. e4 c5 2. Nf3 d6 3. c3 Nf6 4. Be2 Nc6 5. d4 cxd4 6. cxd4 g6 7. Nc3 Bg7 8.
O-O O-O 9. d5 Nb8 10. h3 b6 11. Be3 Ba6 12. Nd4 Bb7 13. Rc1 a6 14. f4 Nbd7
15. Bf3 Re8 16. Nc6 Bxc6 17. dxc6 Nc5 18. b4 Ne6 19. e5 dxe5 20. fxe5 Qxd1
21. Rfxd1 Nh5 22. Nd5 b5 23. g4 Ng3 24. Kg2 1-0

[Event "WJun"]
[Site "Puerto Madryn ARG"]
[Date "2009.10.24"]
[Round "4"]
[White "Bomans,A"]
[Black "Kokol,P"]
[Result "1/2-1/2"]
[WhiteElo "2085"]
[BlackElo "2322"]
[EventDate "2009.10.22"]

1. d4 Nf6 2. c4 c5 3. d5 e6 4. Nc3 exd5 5. cxd5 d6 6. e4 g6 7. f4 Bg7 8.
Bb5+ Nfd7 9. a4 O-O 10. Nf3 Na6 11. O-O Nc7 12. Bxd7 Bxd7 13. f5 a6 14. Bg5
Bf6 15. Qd2 Ne8 16. fxg6 fxg6 17. Bh6 Ng7 18. Rae1 Qa5 19. Bf4 c4 20. Kh1
Qb4 21. Bh6 Rae8 22. Nd4 b5 23. axb5 axb5 24. Be3 Qa5 25. Ra1 Qd8 26. Nde2
Be5 27. Bg5 Rxf1+ 28. Rxf1 Rf8 29. Ra1 Qe8 30. Nd4 b4 31. Nce2 Rf2 32. Be3
c3 33. bxc3 bxc3 34. Qe1 1/2-1/2

[Event "WJun"]
[Site "Puerto Madryn ARG"]
[Date "2009.10.24"]
[Round "4"]
[White "Crespo,E"]
[Black "Meza,Hu"]
[Result "1/2-1/2"]
[WhiteElo "2019"]
[BlackElo "2276"]
[EventDate "2009.10.22"]

1. e4 c5 2. Nf3 e6 3. d4 cxd4 4. Nxd4 Qb6 5. Nb3 Nc6 6. g3 Nf6 7. Bg2 Be7
8. O-O O-O 9. Nc3 a6 10. Be3 Qc7 11. a4 b6 12. g4 Ne5 13. h3 Bb7 14. Nd4
Nc4 15. Bc1 Na5 16. g5 Ne8 17. Nce2 Rd8 18. Ng3 d5 19. Qg4 dxe4 20. c3 Bc5
21. Be3 Bxd4 22. cxd4 Nb3 23. Rad1 Nd6 24. Bf4 Qe7 25. Be5 Kh8 26. Nxe4
Bxe4 27. Bxe4 Nxe4 28. Qxe4 Qxg5+ 29. Qg4 Qxg4+ 30. hxg4 Rd5 31. Rd3 Nc5
32. dxc5 Rxd3 33. cxb6 Rb3 34. a5 f6 35. Bc3 Rd8 36. Re1 Rd6 37. Re4 h5
1/2-1/2

[Event "WJun"]
[Site "Puerto Madryn ARG"]
[Date "2009.10.25"]
[Round "5"]
[White "Grigoryan,Av"]
[Black "Howell,D"]
[Result "1/2-1/2"]
[WhiteElo "2515"]
[BlackElo "2624"]
[EventDate "2009.10.22"]

1. Nf3 Nf6 2. c4 g6 3. Nc3 d5 4. cxd5 Nxd5 5. Qa4+ Bd7 6. Qh4 Bc6 7. Qd4
Rg8 8. Ne5 e6 9. g3 Bg7 10. Nxc6 Nxc6 11. Qa4 Qd7 12. Bg2 O-O-O 13. O-O Kb8
14. Rb1 h5 15. Ne4 Nd4 16. Qd1 f5 17. Nc3 h4 18. e3 Nc6 19. d4 Rh8 20. Na4
Bf8 21. b4 hxg3 22. hxg3 Qh7 23. Re1 e5 24. b5 Nce7 25. dxe5 Bg7 26. f4
Nxf4 27. exf4 Rxd1 28. Rxd1 Qh5 29. Be3 b6 30. Nc3 g5 31. Rd7 gxf4 32. gxf4
Qh2+ 33. Kf2 Qh4+ 34. Ke2 Qg4+ 35. Kf2 1/2-1/2

[Event "WJun"]
[Site "Puerto Madryn ARG"]
[Date "2009.10.25"]
[Round "5"]
[White "Yilmaz,M"]
[Black "Popov,Iv RUS"]
[Result "1/2-1/2"]
[WhiteElo "2475"]
[BlackElo "2582"]
[EventDate "2009.10.22"]

1. e4 c6 2. d4 d5 3. Nc3 dxe4 4. Nxe4 Bf5 5. Ng3 Bg6 6. Nh3 e6 7. Nf4 Bd6
8. c3 Qc7 9. Qf3 Nd7 10. Nxg6 hxg6 11. Ne4 Ngf6 12. Nxd6+ Qxd6 13. Bf4 Qd5
14. Qxd5 cxd5 15. Bd3 Ke7 16. O-O Rac8 17. Rfc1 Nb8 18. a4 Nc6 19. a5 Ne8
20. Ra3 Nd6 21. Rca1 Rhd8 22. Rb3 Rd7 23. Ra4 Rh8 24. h3 Nc4 25. Bxc4 dxc4
26. Rb5 a6 27. Rc5 Rh5 28. Rcxc4 Nxa5 29. Rc8 Nc6 30. Ra1 Rd8 31. Rc7+ Rd7
32. Rc8 Rf5 33. Be3 Rd8 34. Rc7+ Rd7 35. Rc8 Rb5 36. b4 Rd8 37. Rc7+ Rd7
38. Rc8 Kd6 39. Rc1 Rd8 40. Bf4+ Ke7 41. Rxd8 Nxd8 42. Kf1 Nc6 43. Be3 Kd7
44. Ke2 Ne7 45. Kd3 Rb6 46. Ra1 Nd5 47. Bd2 Rc6 48. c4 Nb6 49. b5 axb5 50.
cxb5 Rd6 51. Bf4 Rd5 52. Rc1 Ke8 53. Rc7 Rd7 54. Rxd7 Kxd7 55. h4 Nd5 56.
Be5 f6 57. Bh2 Ne7 58. g4 Nc8 59. Kc4 Nd6+ 60. Bxd6 Kxd6 61. f4 g5 62. fxg5
fxg5 63. hxg5 g6 64. Kc3 Kd5 65. Kd3 b6 66. Kc3 e5 67. dxe5 Kxe5 68. Kd3
Kf4 69. Kd4 Kxg5 70. Kd5 Kxg4 71. Kc6 g5 72. Kxb6 Kf3 73. Kc6 g4 74. b6
1/2-1/2

[Event "WJun"]
[Site "Puerto Madryn ARG"]
[Date "2009.10.25"]
[Round "5"]
[White "Lenderman,A"]
[Black "Blit,J"]
[Result "1/2-1/2"]
[WhiteElo "2542"]
[BlackElo "2350"]
[EventDate "2009.10.22"]

1. Nf3 g6 2. e4 Bg7 3. d4 d6 4. c4 Bg4 5. Be2 Nc6 6. Be3 e5 7. d5 Bxf3 8.
gxf3 Nd4 9. Nc3 Ne7 10. h4 f5 11. h5 f4 12. Bxd4 exd4 13. Nb5 c5 14. dxc6
bxc6 15. Nxd4 Qa5+ 16. Kf1 Qe5 17. c5 Qxd4 18. cxd6 Qxd1+ 19. Rxd1 Ng8 20.
Bc4 Kd7 21. b4 Rb8 22. hxg6 hxg6 23. Rg1 Be5 24. a3 Nf6 25. Ke2 Ne8 26.
Rxg6 Nxd6 27. Be6+ Kc7 28. Rg5 Rbe8 29. Rxe5 Rh6 30. Rf5 Rhxe6 31. Rxf4 Nb5
32. Rd3 Rd6 33. Rf7+ Kb6 34. Re3 Red8 35. f4 Rd2+ 36. Kf3 Nd4+ 37. Kg2 Nc2
38. Rg3 Ne1+ 39. Kf1 Nd3 40. Rgg7 Rxf2+ 41. Kg1 Kb5 42. Rd7 Rxd7 43. Rxd7
Rxf4 44. Rxd3 Rxe4 45. Rh3 Re5 46. Kf2 c5 47. bxc5 Rxc5 48. Ke2 Rd5 49. Rd3
1/2-1/2

[Event "WJun"]
[Site "Puerto Madryn ARG"]
[Date "2009.10.25"]
[Round "5"]
[White "Vishnu,P"]
[Black "Swiercz,D"]
[Result "0-1"]
[WhiteElo "2342"]
[BlackElo "2492"]
[EventDate "2009.10.22"]

1. e4 c5 2. Nf3 d6 3. d4 cxd4 4. Nxd4 Nf6 5. Nc3 a6 6. Be3 e5 7. Nb3 Be7 8.
f3 Be6 9. Qd2 O-O 10. O-O-O Nbd7 11. g4 b5 12. Rg1 b4 13. Nd5 Bxd5 14. exd5
a5 15. g5 Nh5 16. Kb1 a4 17. Nc1 Qa5 18. Nd3 Rfb8 19. Rg4 Qxd5 20. Nxb4 Qb7
21. Bc4 Nf4 22. Bxf4 Qxb4 23. Qxb4 Rxb4 24. Be3 Rbb8 25. Bd5 Ra6 26. h4 Nf8
27. Rd3 0-1

[Event "WJun"]
[Site "Puerto Madryn ARG"]
[Date "2009.10.25"]
[Round "5"]
[White "Ibarra Chami,L"]
[Black "Gundavaa,B"]
[Result "1/2-1/2"]
[WhiteElo "2393"]
[BlackElo "2477"]
[EventDate "2009.10.22"]

1. d4 d5 2. c4 e6 3. cxd5 exd5 4. Nc3 c6 5. Bf4 Ne7 6. e3 Ng6 7. Bg3 Bf5 8.
Bd3 Bxd3 9. Qxd3 Be7 10. Nf3 O-O 11. h4 Re8 12. h5 Nf8 13. h6 g6 14. O-O-O
Nbd7 15. Ne5 a5 16. e4 Nxe5 17. dxe5 dxe4 18. Nxe4 Qxd3 19. Rxd3 Rad8 20.
Rhd1 Rxd3 21. Rxd3 Rd8 22. Nd6 Bxd6 23. exd6 f5 24. Re3 g5 25. Re5 Rxd6 26.
Rxf5 Rd5 27. Rf3 Nd7 28. Bc7 Nc5 29. b3 a4 30. bxa4 Nxa4 31. Kc2 Nc5 32.
Rf6 Nd7 33. Rf3 Nc5 34. Rf6 Nd7 35. Rf3 Nf8 36. Bb6 Ng6 37. g3 Ne5 38. Rf5
Nd7 39. Rxd5 cxd5 40. Bd8 g4 41. Kd3 Nc5+ 42. Kc3 Kf7 43. Bc7 Kg6 44. Bf4
Kf5 45. Be3 Ne6 46. Kd3 Ke5 47. Bb6 d4 48. a4 Kd5 49. a5 Nc5+ 50. Bxc5 Kxc5
51. f3 gxf3 52. g4 f2 53. Ke2 Kc4 54. Kxf2 Kb3 55. g5 d3 56. Ke3 Kc2 57. g6
d2 58. gxh7 d1=Q 59. h8=Q Qg1+ 60. Ke4 Qh1+ 1/2-1/2

[Event "WJun"]
[Site "Puerto Madryn ARG"]
[Date "2009.10.25"]
[Round "5"]
[White "Chirila,I"]
[Black "Maenhout,T"]
[Result "1/2-1/2"]
[WhiteElo "2504"]
[BlackElo "2303"]
[EventDate "2009.10.22"]

1. e4 c5 2. Nf3 d6 3. d4 cxd4 4. Nxd4 Nf6 5. Nc3 a6 6. Bg5 e6 7. f4 Be7 8.
Qf3 Qc7 9. O-O-O Nbd7 10. g4 b5 11. Bxf6 Nxf6 12. g5 Nd7 13. f5 Bxg5+ 14.
Kb1 O-O 15. fxe6 Nf6 16. Bh3 Ne8 17. Qg2 Qc5 18. exf7+ Rxf7 19. Nce2 a5 20.
Rd3 Bxh3 21. Qxh3 Qb4 22. Rb3 Qc5 23. Rd3 Qb4 24. Rb3 Qc5 25. Rd3 Qb4
1/2-1/2

[Event "WJun"]
[Site "Puerto Madryn ARG"]
[Date "2009.10.25"]
[Round "5"]
[White "Alvarez Ramirez,M"]
[Black "Potapov,P"]
[Result "1/2-1/2"]
[WhiteElo "2259"]
[BlackElo "2429"]
[EventDate "2009.10.22"]

1. d4 d5 2. c4 c6 3. Nf3 Nf6 4. Nc3 e6 5. Bg5 h6 6. Bh4 dxc4 7. e4 g5 8.
Bg3 b5 9. Be2 Bb7 10. O-O Nbd7 11. Ne5 h5 12. Nxd7 Qxd7 13. Be5 Rh6 14. f4
g4 15. Qc2 Bb4 16. a4 a6 17. Rad1 Qe7 18. f5 Nd7 19. Bg7 Qg5 20. Bxh6 Qxh6
21. fxe6 fxe6 22. e5 O-O-O 23. Ne4 Nb6 24. Kh1 Qe3 25. Nd6+ Bxd6 26. exd6
Rxd6 27. Rde1 Qg5 28. Qh7 Rd7 29. Qe4 Qd5 30. Qxd5 Rxd5 31. Bd1 Rxd4 32.
Rxe6 Rd2 33. Re7 Kb8 34. a5 Nd5 35. Re2 Rd4 36. Bc2 c5 37. Re8+ Ka7 38. Kg1
Nf4 39. Re7 Kb8 40. Re8+ Ka7 41. Re7 Kb8 42. Re8+ Ka7 1/2-1/2

[Event "WJun"]
[Site "Puerto Madryn ARG"]
[Date "2009.10.25"]
[Round "5"]
[White "Perez Ponsa,F"]
[Black "Salinas Herrera,P"]
[Result "1-0"]
[WhiteElo "2422"]
[BlackElo "2129"]
[EventDate "2009.10.22"]

1. e4 c5 2. Nf3 d6 3. d4 cxd4 4. Nxd4 Nf6 5. Nc3 a6 6. Bg5 e6 7. f4 Nbd7 8.
Qf3 Qc7 9. O-O-O b5 10. Bd3 Bb7 11. Rhe1 Qb6 12. Nd5 Qxd4 13. Bxf6 gxf6 14.
Bxb5 Qc5 15. Nxf6+ Kd8 16. Nxd7 Qxb5 17. Nxf8 Rxf8 18. Qa3 Ke8 19. Qxd6 Rc8
20. Re3 Qc6 21. Qd2 Qc7 22. Rc3 Qe7 23. f5 Rd8 24. Qf4 Rxd1+ 25. Kxd1 e5
26. Qg4 Qd7+ 27. Rd3 Qc6 28. Qh4 Qb6 29. Ke2 Rg8 30. g3 h6 31. b3 Rg5 32.
c4 Qc6 33. Rd5 Qf6 34. Rd3 a5 35. Kd2 Qb6 36. Ke2 a4 37. b4 Qc6 38. b5 Qxc4
39. Qxh6 Qxe4+ 40. Kd2 Qb4+ 41. Ke2 Qb2+ 42. Ke3 Qc1+ 43. Ke2 Qc2+ 44. Ke3
Qc5+ 45. Ke2 Rg8 46. Qf6 Qe7 47. Qb6 Rg4 48. f6 Rg6 49. Rd6 Rxf6 50. Rxf6
Qd7 51. Ke3 Qd5 52. Rc6 f5 53. Qc5 Qe4+ 54. Kd2 Qg2+ 55. Kc3 Qf3+ 56. Kb4
Qe4+ 57. Ka5 Bxc6 58. Qxc6+ Qxc6 59. bxc6 f4 60. gxf4 1-0

[Event "WJun"]
[Site "Puerto Madryn ARG"]
[Date "2009.10.25"]
[Round "5"]
[White "Gomez,Gu"]
[Black "Tristan,L"]
[Result "0-1"]
[WhiteElo "2176"]
[BlackElo "2412"]
[EventDate "2009.10.22"]

1. d4 Nf6 2. Nf3 e6 3. Bg5 c5 4. c3 Be7 5. e3 O-O 6. Bd3 b6 7. Nbd2 Nc6 8.
O-O Bb7 9. e4 d6 10. Qe2 cxd4 11. Nxd4 Ne5 12. Bc2 Qc8 13. a4 h6 14. Bh4
Ng6 15. Bg3 Nd7 16. f4 Bf6 17. N2f3 e5 18. fxe5 dxe5 19. Nb5 a6 20. Na3
Qc5+ 21. Kh1 Nf4 22. Bxf4 exf4 23. Qd2 Qc7 24. Rae1 Rfe8 25. Qc1 Bg5 26.
Nb1 Ne5 27. Nbd2 Ng4 28. Nxg5 hxg5 29. Nf3 Qc5 30. Nd4 Rad8 31. Bb1 Rxd4
32. cxd4 Qxd4 33. h3 Ne3 34. Rf3 Rc8 0-1

[Event "WJun"]
[Site "Puerto Madryn ARG"]
[Date "2009.10.25"]
[Round "5"]
[White "Gryson,W"]
[Black "Macias Murillo,B"]
[Result "1-0"]
[WhiteElo "2145"]
[BlackElo "2363"]
[EventDate "2009.10.22"]

1. d4 Nf6 2. Nf3 e6 3. e3 c5 4. Bd3 cxd4 5. exd4 Be7 6. O-O O-O 7. b3 b6 8.
Bb2 Bb7 9. Qe2 Qc7 10. c4 d5 11. Nbd2 Nc6 12. Rac1 Qf4 13. g3 Qh6 14. Bb1
Rfd8 15. Rfe1 dxc4 16. bxc4 Bb4 17. Red1 Rac8 18. Nf1 Na5 19. Ne5 Qh3 20.
Ne3 Bf8 21. d5 Bc5 22. N3g4 Nxg4 23. Nxg4 exd5 24. Bf5 Re8 25. Be5 Kf8 26.
cxd5 f6 27. Qf3 Qh5 28. Rxc5 Rxc5 29. Bd6+ Re7 30. Re1 Rcc7 31. Rxe7 Rxe7
32. Bxe7+ Kxe7 33. Qe4+ Kf8 34. Qb4+ Ke8 35. Qe4+ Kf8 36. Ne3 Qe8 37. Be6
g6 38. Qf4 Kg7 39. Ng4 Qd8 40. h4 Ba6 41. h5 g5 42. h6+ Kf8 43. Qf5 1-0

[Event "WJun"]
[Site "Puerto Madryn ARG"]
[Date "2009.10.25"]
[Round "5"]
[White "Maldonado,Fed"]
[Black "Schiendorfer,E"]
[Result "1/2-1/2"]
[WhiteElo "2003"]
[BlackElo "2311"]
[EventDate "2009.10.22"]

1. e4 c5 2. Nf3 d6 3. d4 cxd4 4. Nxd4 Nf6 5. Nc3 a6 6. Be2 e5 7. Nb3 Be7 8.
Bg5 Be6 9. Bxf6 Bxf6 10. Qd3 Nc6 11. O-O-O Nd4 12. Nxd4 exd4 13. Nd5 Bxd5
14. exd5 O-O 15. Qf3 Re8 16. Bd3 Qa5 17. Kb1 Re5 18. Qh3 g6 19. f4 Re3 20.
g3 Qxd5 21. f5 Rae8 22. fxg6 hxg6 23. Rhf1 Kg7 24. Qg4 Qe6 25. Qf4 Qe5 26.
Qf2 Re7 27. a3 b5 28. h4 Rxg3 29. h5 Re6 30. hxg6 fxg6 31. Rh1 Rg5 32. Qh4
Kf8 33. Qh6+ Ke7 34. Qh7+ Bg7 35. Rhe1 Rh5 36. Rxe5 Rxh7 37. Rxe6+ Kxe6 38.
Bxg6 Rh2 39. Bd3 Be5 40. Rg1 Rh8 41. Re1 Kd7 42. Rf1 Ke7 43. Re1 Rf8 44.
Ka2 1/2-1/2

[Event "WJun"]
[Site "Puerto Madryn ARG"]
[Date "2009.10.25"]
[Round "5"]
[White "Kokol,P"]
[Black "Hugaert,A"]
[Result "0-1"]
[WhiteElo "2322"]
[BlackElo "2066"]
[EventDate "2009.10.22"]

1. e4 c5 2. Nf3 Nc6 3. d4 cxd4 4. Nxd4 Nf6 5. Nc3 e5 6. Ndb5 d6 7. Bg5 a6
8. Na3 b5 9. Bxf6 gxf6 10. Nd5 Bg7 11. Bd3 Ne7 12. Nxe7 Qxe7 13. O-O O-O
14. c4 f5 15. Qf3 d5 16. cxd5 fxe4 17. Qxe4 f5 18. Qe2 e4 19. Rab1 Bb7 20.
Rfd1 Rad8 21. Bc2 Qe5 22. Bb3 f4 23. Qg4 Rd6 24. Rbc1 Rg6 25. Qh3 Kh8 26.
Re1 Bf6 27. f3 Bxd5 28. Bxd5 Qxd5 29. fxe4 Bd4+ 30. Kh1 Qg5 31. Rc8 Rxc8
32. Qxc8+ Rg8 33. Qh3 Bxb2 34. Nc2 Qc5 35. Qb3 Bc3 36. Rf1 Rd8 37. Qf7 Qf2
38. Qf8+ Rxf8 39. Rxf2 b4 40. Kg1 a5 41. Re2 a4 42. Kf2 b3 43. axb3 axb3
44. Na3 Ra8 45. Nb1 Bd4+ 46. Kf3 Ra1 47. Re1 Be5 48. g3 fxg3 49. hxg3 Kg7
50. Rc1 b2 51. Rd1 Ra7 52. Rd5 Kf6 53. Ke2 Rg7 54. Rb5 Rxg3 55. Nd2 Rg1 56.
Rb6+ Kg7 57. Rb7+ Kg8 58. Kd3 Rc1 59. Rb5 Bc3 60. Nb1 Bf6 61. e5 Rxb1 62.
exf6 Rd1+ 63. Kc2 b1=Q+ 0-1

[Event "WJun"]
[Site "Puerto Madryn ARG"]
[Date "2009.10.25"]
[Round "5"]
[White "Meza,Hu"]
[Black "Bomans,A"]
[Result "0-1"]
[WhiteElo "2276"]
[BlackElo "2085"]
[EventDate "2009.10.22"]

1. d4 e6 2. e4 d5 3. Nc3 Bb4 4. e5 c5 5. Bd2 Ne7 6. Nb5 Bxd2+ 7. Qxd2 O-O
8. dxc5 Nd7 9. f4 Nxc5 10. Nf3 Bd7 11. Nbd4 Qb6 12. c3 Ng6 13. g3 f6 14.
Qe2 fxe5 15. fxe5 Ne4 16. Bh3 Rxf3 17. Qxf3 Rf8 18. Qe2 Rf2 19. Qxf2 Nxf2
20. Kxf2 Qxb2+ 21. Ne2 Bb5 22. Rae1 Nxe5 23. Rhf1 g6 24. Kg2 Nd3 25. Bxe6+
Kg7 26. Bg4 Nxe1+ 27. Rxe1 Bxe2 28. Rxe2 Qxc3 29. Re7+ Kf6 30. Rxh7 Qd2+
31. Kh3 Qf2 32. Rxb7 Kg5 33. Rb1 Qxa2 34. Rd1 Qc4 35. Be6 Qe4 36. Rxd5+ Kf6
37. Bg8 Kg7 38. Rd8 Qe7 39. Ra8 Qd7+ 40. g4 Qd3+ 41. Kh4 g5+ 42. Kxg5 Qe3+
43. Kh4 Qf2+ 44. Kh5 Qxh2+ 45. Kg5 Qe5+ 46. Kh4 Qe1+ 47. Kg5 Qe3+ 48. Kh4
Qf2+ 49. Kh5 Qe3 50. Kh4 Qf2+ 51. Kh5 Qe3 52. Kh4 Qf2+ 53. Kh5 Qe3 54. Kh4
Qf2+ 55. Kh3 Qf3+ 56. Kh2 Qxa8 0-1

[Event "WJun"]
[Site "Puerto Madryn ARG"]
[Date "2009.10.25"]
[Round "5"]
[White "Dimuro,M"]
[Black "Crespo,E"]
[Result "0-1"]
[WhiteElo "2214"]
[BlackElo "2019"]
[EventDate "2009.10.22"]

1. d4 d5 2. Nf3 Nf6 3. e3 e6 4. Bd3 Be7 5. O-O O-O 6. Nbd2 b6 7. Ne5 Bb7 8.
Qf3 Nbd7 9. Qh3 h6 10. f4 Ne4 11. Ndf3 c5 12. dxc5 Ndxc5 13. Nd4 Bf6 14.
Bb5 Bxe5 15. fxe5 Ba6 16. a4 Qc7 17. Qh5 Bxb5 18. Nxb5 Qe7 19. b3 Qg5 20.
Qxg5 hxg5 21. Bb2 Rfc8 22. a5 a6 23. Na3 b5 24. Bd4 b4 25. Nb1 Rc6 26. Ra2
Rac8 27. Re1 g4 28. Kf1 g3 29. Kg1 g5 30. Bxc5 Rxc5 31. Re2 g4 32. h3 Kg7
33. c3 Nxc3 34. Nxc3 Rxc3 35. Kf1 Rxb3 36. Reb2 Rxe3 37. Ra1 b3 38. hxg4
Rcc3 39. Re2 Kg6 40. Rxe3 Rxe3 41. Ra4 Re4 0-1

[Event "WJun"]
[Site "Puerto Madryn ARG"]
[Date "2009.10.25"]
[Round "5"]
[White "Ocampos,I"]
[Black "Lovik,L"]
[Result "1/2-1/2"]
[WhiteElo "2047"]
[BlackElo "2320"]
[EventDate "2009.10.22"]

1. e4 e6 2. d4 d5 3. Nc3 Nc6 4. e5 f6 5. exf6 Nxf6 6. Nf3 Be7 7. Bd3 O-O 8.
a3 Bd7 9. Bd2 Bd6 10. O-O e5 11. dxe5 Nxe5 12. Nxe5 Bxe5 13. h3 c6 14. f4
Bd4+ 15. Kh1 Ne8 16. Qf3 Qf6 17. Rae1 Nd6 18. Nd1 Qh4 19. c3 Bb6 20. Re5 g6
21. Rfe1 Nf7 22. Re7 Ng5 23. Qe2 Bxh3 24. gxh3 Qxh3+ 25. Qh2 Qxh2+ 26. Kxh2
Nf3+ 27. Kg3 Nxd2 28. Rh1 Rf7 29. Rxf7 Kxf7 30. Rxh7+ Kf6 31. Nf2 Bxf2+ 32.
Kxf2 Nb3 33. Rh6 Rg8 34. Bc2 Nc5 35. Kf3 Nd7 36. Kg4 Nf8 37. Kf3 Ne6 38.
Ke3 Nd8 39. f5 Nf7 40. Rxg6+ Rxg6 41. fxg6 Ne5 42. Kd4 Nxg6 43. Kc5 Ne5 44.
Kd6 Nc4+ 45. Kc7 Ke6 46. Kxb7 Kd6 47. Kxa7 Kc7 48. b4 Nxa3 49. Bd3 Nc4 50.
Bxc4 dxc4 51. Ka6 Kd6 52. Kb6 Kd5 53. Kc7 Ke4 54. Kxc6 Kd3 55. b5 Kxc3 56.
b6 Kd2 57. b7 c3 58. b8=Q c2 59. Qf4+ Kd1 60. Qd4+ Kc1 61. Kc5 Kb1 62. Qe4
Ka1 63. Qe1+ Kb2 64. Qe2 Ka1 65. Qd2 Kb1 1/2-1/2

[Event "WJun"]
[Site "Puerto Madryn ARG"]
[Date "2009.10.25"]
[Round "5"]
[White "Soares,E"]
[Black "Morales,Ra"]
[Result "0-1"]
[WhiteElo "2065"]
[BlackElo "1941"]
[EventDate "2009.10.22"]

1. Nf3 Nf6 2. b3 g6 3. Bb2 Bg7 4. e3 O-O 5. d4 d5 6. Bd3 b6 7. Nbd2 Bb7 8.
Ne5 Nbd7 9. f4 c5 10. O-O Re8 11. Qf3 Qc8 12. c3 c4 13. Bc2 b5 14. bxc4
dxc4 15. e4 Nxe5 16. fxe5 Ng4 17. Nb1 f5 18. Na3 a6 19. Bc1 fxe4 20. Bxe4
Rf8 21. Bf4 Nxe5 22. dxe5 Bxe4 23. Qxe4 Qc5+ 24. Be3 Qxa3 25. Qd5+ Kh8 26.
Bc5 Qxc3 27. Bxe7 Bxe5 28. Kh1 Rfe8 29. Rae1 Bg7 30. Qf7 Rec8 31. g4 Ra7
32. g5 Rg8 33. Qe6 Qd3 34. Rf7 Qd7 35. Qf6 Qd5+ 36. Kg1 Qd4+ 37. Qxd4 Bxd4+
38. Kg2 Raa8 39. Rd1 Rg7 40. Rxg7 Bxg7 41. Kf3 c3 0-1